Southville International School and Colleges
Your cart is empty.
  • Cart
  • Lists
    Public lists Eva Luna New books Lux_list list_1
    Your lists Log in to create your own lists
  • Log in to your account
  • Your cookies
  • Search history
Southville International School and Colleges
  • Advanced search
  • Recent comments
  • Most popular
  • Libraries

Log in to your account

Log in with GOOGLE


If you do not have an external account, but do have a local account, you can still log in:

  1. Home
  2. MARC view: Strategic debate
Normal view MARC view ISBD view

Strategic debate (Record no. 1781)

[ view plain ]
MARC details
000 -LEADER
fixed length control field 00503nam a22002057a 4500
003 - CONTROL NUMBER IDENTIFIER
control field OSt
005 - DATE AND TIME OF LATEST TRANSACTION
control field 20140310181716.0
008 - FIXED-LENGTH DATA ELEMENTS--GENERAL INFORMATION
fixed length control field 130122t xxu||||| |||| 00| 0 eng d
020 ## - INTERNATIONAL STANDARD BOOK NUMBER
International Standard Book Number 0844253022
050 ## - LIBRARY OF CONGRESS CALL NUMBER
Classification number PN4181 .
Item number W85 1995
082 ## - DEWEY DECIMAL CLASSIFICATION NUMBER
Classification number PN4181 .
245 ## - TITLE STATEMENT
Title Strategic debate
Statement of responsibility, etc Wood, Roy V.
260 ## - PUBLICATION, DISTRIBUTION, ETC. (IMPRINT)
Place of publication, distribution, etc Lincolnwood, Ill.
Name of publisher, distributor, etc NTC Publishing Group
Date of publication, distribution, etc 1995
300 ## - PHYSICAL DESCRIPTION
Extent 421 p.
Dimensions 24 cm
521 ## - TARGET AUDIENCE NOTE
Target audience note Grade 9
526 ## - STUDY PROGRAM INFORMATION NOTE
Reading level 960L-to-1110L
541 ## - IMMEDIATE SOURCE OF ACQUISITION NOTE
-- 1
562 ## - COPY AND VERSION IDENTIFICATION NOTE
Number of copies 1
942 ## - ADDED ENTRY ELEMENTS (KOHA)
Source of classification or shelving scheme Library of Congress Classification
Koha item type Books
Call number prefix
Holdings
Withdrawn status Lost status Source of classification or shelving scheme Damaged status Home library Current library Shelving location Date acquired Total Checkouts Full call number Barcode Date last seen Copy number Price effective from Koha item type
    Library of Congress Classification   Luxembourg Library Luxembourg Library Classic Section 01/22/2013   PN4181 . 07321 08/13/2013 1 10/03/2013 Books

Strategic debate

APA

(1995). Strategic debate. Lincolnwood, Ill: NTC Publishing Group.

Chicago

1995. Strategic debate. Lincolnwood, Ill: NTC Publishing Group.

Harvard

(1995). Strategic debate. Lincolnwood, Ill: NTC Publishing Group.

MLA

Strategic debate. Lincolnwood, Ill: NTC Publishing Group. 1995.

  • Place hold
  • Print
  • Cite
  • Add to your cart (remove)
  • Save record
    BIBTEX Dublin Core MARCXML MARC (non-Unicode/MARC-8) MARC (Unicode/UTF-8) MARC (Unicode/UTF-8, Standard) MODS (XML) RIS
  • More searches
    Search for this title in:
    Other Libraries (WorldCat) Other Databases (Google Scholar) Online Stores (Bookfinder.com) Open Library (openlibrary.org)

Exporting to Dublin Core...

SOUTHVILLE LIBRARY

Southville International School and Colleges Library

1281 Tropical Ave. Cor. Luxembourg St., BF Homes International, Las Pinas City

Tel. No. 8256374 / 252358 Loc. 117/146

Powered by Koha